Top 10 Call of Duty Games Ranked - Statistics

General Stats
  • This quiz has been taken 326 times
  • The average score is 7 of 10
Answer Stats
#1-10 Call of Duty Titles % Correct
1 Black Ops
96%
2 Modern Warfare 2
92%
3 Black Ops 2
91%
4 Modern Warfare
90%
7 Modern Warfare 3
79%
5 Black Ops 3
73%
6 World At War
57%
8 Ghosts
46%
9 Advanced Warfare
42%
10 Call of Duty 2: Big Red One
25%
No matching quizzes found
Score Distribution
Percent of People with Each Score
Percentile by Number Answered
Your Score History
You have not taken this quiz